Взгляд врага: Повести, рассказы

Dettagli Bibliografici
Autore principale: Гайдуков С. В. Сергей Викторович
Riassunto:Исключено из фонда НТБ ТПУ
Lingua:russo
Pubblicazione: Москва, ЭКСМО-Пресс, 1998
Serie:Черная кошка
Natura: MixedMaterials Libro
KOHA link:https://koha.lib.tpu.ru/cgi-bin/koha/opac-detail.pl?biblionumber=7144

MARC

LEADER 00000nam0a2200000 4500
001 7144
005 20231030180746.0
010 |a 5040007116 
035 |a (RuTPU)RU\TPU\book\7187 
035 |a BOOK00007245 
090 |a 7144 
100 |a 20011209d1998 m y0rusy50 ca 
101 0 |a rus 
102 |a RU 
105 |a y z 000ay 
200 1 |a Взгляд врага  |e Повести, рассказы  |f С. В. Гайдуков 
210 |a Москва  |c ЭКСМО-Пресс  |d 1998 
215 |a 432 с. 
225 1 |a Черная кошка 
333 |a Исключено из фонда НТБ ТПУ 
700 1 |a Гайдуков  |b С. В.  |g Сергей Викторович 
801 0 |a RU  |b 63413507  |c 20011209  |g PSBO 
801 2 |a RU  |b 63413507  |c 20220602  |g PSBO 
942 |c BK